Niños jornaleros en el Valle de San Quintín, Baja California /

I tiakina i:
Ngā taipitopito rārangi puna kōrero
Kaituhi rangatōpū: Programa Nacional de Solidaridad (México)
Hōputu: Pukapuka
Reo:Pāniora
Ngā marau:
Ngā Tūtohu: Tāpirihia he Tūtohu
Kāore He Tūtohu, Me noho koe te mea tuatahi ki te tūtohu i tēnei pūkete!

MARC

LEADER 00000nam^a2200000^a^4500
001 000154700
005 20250521000000.0
009 20260310100404.727
037 |a Acervo ITESO - Biblioteca 
041 |a ESP 
082 |a 362. 709722350639  |b PRO 
110 |a Programa Nacional de Solidaridad (México) 
245 1 0 |a Niños jornaleros en el Valle de San Quintín, Baja California / 
264 |a México :  |b Secretaría de Desarrollo Social, Coordinación General de Asuntos Internacionales :  |b UNICEF,  |c 1994 
300 |a II, 146, [63] p. 
336 |a texto  |b txt  |2 rdacontenido 
337 |a sin mediación  |b n  |2 rdamedio 
338 |a volumen  |b nc  |2 rdasoporte 
649 |a XX 
650 |a Niños Mexicanos -  |x Condiciones Laborales 
650 |a Niños Mexicanos -  |x Condiciones Económicas 
650 |a Niños Mexicanos -  |x Condiciones Sociales y Culturales 
650 |a Campesinos Mexicanos -  |x Condiciones Laborales 
650 |a Migrantes Mexicanos -  |x Condiciones Laborales 
650 |a Trabajo Infantil -  |z Ensenada, Baja California (Norte) 
650 |a Trabajo Infantil -  |z México 
650 |a Marginación -  |z Ensenada, Baja California (Norte) 
650 |a Marginación -  |z México 
650 |a Problemas Sociales -  |z Ensenada, Baja California (Norte) 
650 |a Problemas Sociales -  |z México 
650 |a Inmigración -  |z Ensenada, Baja California (Norte) 
650 |a Migración 
650 |a Vivienda -  |z Ensenada, Baja California (Norte) 
650 |a Vivienda -  |z México 
650 |a Salud Pública -  |z Ensenada, Baja California (Norte) 
650 |a Salud Pública -  |z México 
650 |a Educación -  |z Ensenada, Baja California (Norte) 
650 |a Educación -  |z México 
650 |a Nutrición -  |z Ensenada, Baja California (Norte) 
650 |a Nutrición -  |z México 
650 |a Programa Nacional de Solidaridad -  |z Ensenada, Baja California (Norte) 
650 |a Programa Nacional de Solidaridad -  |z México 
650 |a Programas Gubernamentales -  |z Ensenada, Baja California (Norte) 
650 |a Programas Gubernamentales -  |z México 
650 |a Asistencia Pública -  |z Ensenada, Baja California (Norte) 
650 |a Asistencia Pública -  |z México 
650 |a Asistencia Social -  |z Ensenada, Baja California (Norte) 
650 |a Asistencia Social -  |z México 
650 |a Política Social -  |z Ensenada, Baja California (Norte) -  |x Historia -  |y 1988-1994 
650 |a Política Social -  |z Ensenada, Baja California (Norte) -  |x Historia -  |y Siglo XX 
650 |a Política Social -  |z México -  |x Historia -  |y 1988-1994 
650 |a Política Social -  |z México -  |x Historia -  |y Siglo XX 
910 |a Fondo General 
920 |a Impresos - Libros 
930 |a Colección General 
905 |a 101 
901 |a 0500086362  |b IT1  |c ACC  |u 20250521 
902 |a https://opac.biblio.iteso.mx/vufind/Record/000154700